Fr. Conceicao Rodrigues College of Engineering

TRAINING MANUAL FOR I.T.I. & CENTRES. (Record no. 25146)

MARC details
000 -LEADER
fixed length control field 00276nam a2200121Ia 4500
100 ## - MAIN ENTRY--PERSONAL NAME
Personal name GOVERNMENT OF INDIA
245 ## - TITLE STATEMENT
Title TRAINING MANUAL FOR I.T.I. & CENTRES.
260 ## - PUBLICATION, DISTRIBUTION, ETC.
Name of publisher, distributor, etc. Tata McGrawhill
Place of publication, distribution, etc. New Delhi
Date of publication, distribution, etc. 2003
300 ## - PHYSICAL DESCRIPTION
Extent 198
546 ## - LANGUAGE NOTE
Language note ENGLISH
942 ## - ADDED ENTRY ELEMENTS (KOHA)
Koha item type BOOK
Holdings
Withdrawn status Lost status Damaged status Not for loan Collection Home library Current library Shelving location Date acquired Source of acquisition Cost, normal purchase price Inventory number Total Checkouts Full call number Barcode Date last seen Cost, replacement price Price effective from Koha item type
        ITI Fr. Agnel's C.Rodrigues College of Engineering Fr. Agnel's C.Rodrigues College of Engineering   17/03/2023 Union Book Depot 247.50 14650   ITI749 17/03/2023 247.50   BOOK